Electrical layout and estimate/ (Record no. 5063)

MARC details
000 -LEADER
fixed length control field 00690nam a22002177a 4500
003 - CONTROL NUMBER IDENTIFIER
control field OSt
005 - DATE AND TIME OF LATEST TRANSACTION
control field 20251023074451.0
008 - FIXED-LENGTH DATA ELEMENTS--GENERAL INFORMATION
fixed length control field 251023b |||||||| |||| 00| 0 eng d
020 ## - INTERNATIONAL STANDARD BOOK NUMBER
International Standard Book Number 978-858-9090
040 ## - CATALOGING SOURCE
Original cataloging agency DWC-Main lib.
Transcribing agency OC
082 ## - DEWEY DECIMAL CLASSIFICATION NUMBER
Edition number Second edition
Classification number Fil. 621.3192 F178e 2000
100 ## - MAIN ENTRY--PERSONAL NAME
Personal name Max B. Fajardo JR.
245 ## - TITLE STATEMENT
Title Electrical layout and estimate/
Statement of responsibility, etc. Max B. Fajardo Jr.
250 ## - EDITION STATEMENT
Edition statement Second edition
260 ## - PUBLICATION, DISTRIBUTION, ETC.
Place of publication, distribution, etc. Manila:
Name of publisher, distributor, etc. 5138 Trading
Date of publication, distribution, etc. , c2000.
300 ## - PHYSICAL DESCRIPTION
Extent 340 pages:
Other physical details illustrations ;
Dimensions 22cm.
504 ## - BIBLIOGRAPHY, ETC. NOTE
Bibliography, etc. note Includes bibliographical references
650 ## - SUBJECT ADDED ENTRY--TOPICAL TERM
Topical term or geographic name entry element Electric circuits
650 ## - SUBJECT ADDED ENTRY--TOPICAL TERM
Topical term or geographic name entry element 2. Electric devices
942 ## - ADDED ENTRY ELEMENTS (KOHA)
Source of classification or shelving scheme Dewey Decimal Classification
Koha item type Book-Filipiniana
Edition Second edition
Call number prefix Fil.
Suppress in OPAC No
952 ## - LOCATION AND ITEM INFORMATION (KOHA)
--
952 ## - LOCATION AND ITEM INFORMATION (KOHA)
--
952 ## - LOCATION AND ITEM INFORMATION (KOHA)
--
Holdings
Withdrawn status Lost status Source of classification or shelving scheme Damaged status Not for loan Home library Current library Shelving location Date acquired Source of acquisition Cost, normal purchase price Total Checkouts Full call number Barcode Date last seen Price effective from Koha item type Uniform Resource Identifier
    Dewey Decimal Classification     College Library College Library Filipiniana 01/19/2022 School Fund 300.00   Fil. 621.3192 F178e 2000 53169 10/23/2025 10/23/2025 BK - FIL
    Dewey Decimal Classification     College Library College Library Filipiniana 01/19/2022 School Fund 300.00   Fil. 621.3192 F178e 2000 53170 10/23/2025 10/23/2025 BK - FIL
    Dewey Decimal Classification     College Library College Library Filipiniana 12/13/2021 School Fund 300.00   Fil. 621.3192 F178e 2000 53112 10/23/2025 10/23/2025 BK - FIL